哪些火车站是南北向的?扫雷模式 - Statistics

General Stats
  • This quiz has been taken 72 times
  • The average score is 5 of 12
Answers on the Grid
Answers color-coded by a green-red scale on the quiz's grid according to % correct below.
北京朝阳
北京北
天津
沈阳
哈尔滨东
太原
太原南
青岛
青岛北
徐州
南京
上海南
南昌西
长沙南
武汉
香港西九龙
深圳北
珠海
南宁东
昆明南
兰州西
乌鲁木齐
贵阳北
大连北
 
Answer Stats
Answer % Correct
北京北
63%
北京朝阳
53%
太原
50%
长沙南
50%
青岛
41%
贵阳北
41%
武汉
38%
昆明南
38%
香港西九龙
31%
青岛北
28%
徐州
28%
哈尔滨东
25%
No matching quizzes found
Score Distribution
Percent of People with Each Score
Percentile by Number Answered
Your Score History
You have not taken this quiz